000 00389nam a2200157Ia 4500
003 0STCL
008 150530s9999 xx 000 0 und d
040 _aSTCL
_cSTCL
100 _aReserve Bank of India
245 _aReserve Bank of In dia general regulation
260 _bReserve Bank of India
_c1949
546 _aEnglish
942 _2ddc
_cBK
999 _c9655
_d9655
005 20220125165532.0